LEADER 05206nam 22007455 450 001 996465640103316 005 20200705034326.0 010 $a3-540-46735-1 024 7 $a10.1007/3-540-55121-2 035 $a(CKB)1000000000233774 035 $a(SSID)ssj0000323624 035 $a(PQKBManifestationID)11258078 035 $a(PQKBTitleCode)TC0000323624 035 $a(PQKBWorkID)10299619 035 $a(PQKB)10816934 035 $a(DE-He213)978-3-540-46735-9 035 $a(PPN)155165232 035 $a(EXLCZ)991000000000233774 100 $a20121227d1992 u| 0 101 0 $aeng 135 $aurnn|008mamaa 181 $ctxt 182 $cc 183 $acr 200 10$aGraph-Theoretic Concepts in Computer Science$b[electronic resource] $e17th International Workshop WG '91, Fischbachau, Germany, June 17-19, 1991. Proceedings /$fedited by Gunther Schmidt, Rudolf Berghammer 205 $a1st ed. 1992. 210 1$aBerlin, Heidelberg :$cSpringer Berlin Heidelberg :$cImprint: Springer,$d1992. 215 $a1 online resource (VIII, 256 p.) 225 1 $aLecture Notes in Computer Science,$x0302-9743 ;$v570 300 $aBibliographic Level Mode of Issuance: Monograph 311 $a3-540-55121-2 327 $aApproximating treewidth, pathwidth, and minimum elimination tree height -- Monadic second-order evaluations on tree-decomposable graphs -- Optimal embedding of complete binary trees into lines and grids -- Graph rewriting systems and their application to network reliability analysis -- Nondeterministic control structures for graph rewriting systems -- A language for generic graph-transformations -- Attributed elementary programmed graph grammars -- The complexity of approximating the class Steiner tree problem -- On complexity of some chain and antichain partition problems -- Tight bounds for the rectangular art gallery problem -- Voronoi diagrams of moving points in the plane -- Using maximal independent sets to solve problems in parallel -- Fast parallel algorithms for coloring random graphs -- Optimal vertex ordering of a graph and its application to symmetry detection -- Edge separators for graphs of bounded genus with applications -- Line digraph iterations and the spread concept?with application to graph theory, fault tolerance, and routing -- A generalized encryption scheme based on random graphs -- Dynamic algorithms for shortest paths in planar graphs -- Complete problems for logspace involving lexicographic first paths in graphs -- A new upper bound on the complexity of the all pairs shortest path problem -- On the crossing number of the hypercube and the cube connected cycles -- Logic arrays for interval indicator functions -- On the broadcast time of the butterfly network -- On disjoint cycles -- Short disjoint cycles in cubic bridgeless graphs. 330 $aThis volume contains contributions to the 17th International workshop on Graph-Theoretic Concepts in Computer Science (WG '91) held in Southern Bavaria in June 1991. These annual workshops are designed to bring together researchers using graph-theoretic methods to discuss new developments relating to or emerging from a diversity of application fields. The topics covered in this volume include: tree-related problems, graph grammarsand rewriting, complexity, computational geometry, parallel algorithms, vertex orderings, path-oriented algorithms, applications to VLSI, and disjoint cycle problems. 410 0$aLecture Notes in Computer Science,$x0302-9743 ;$v570 606 $aComputer science?Mathematics 606 $aAlgorithms 606 $aCombinatorics 606 $aComputers 606 $aData structures (Computer science) 606 $aLogic design 606 $aMathematics of Computing$3https://scigraph.springernature.com/ontologies/product-market-codes/I17001 606 $aAlgorithm Analysis and Problem Complexity$3https://scigraph.springernature.com/ontologies/product-market-codes/I16021 606 $aCombinatorics$3https://scigraph.springernature.com/ontologies/product-market-codes/M29010 606 $aComputation by Abstract Devices$3https://scigraph.springernature.com/ontologies/product-market-codes/I16013 606 $aData Structures$3https://scigraph.springernature.com/ontologies/product-market-codes/I15017 606 $aLogic Design$3https://scigraph.springernature.com/ontologies/product-market-codes/I12050 615 0$aComputer science?Mathematics. 615 0$aAlgorithms. 615 0$aCombinatorics. 615 0$aComputers. 615 0$aData structures (Computer science). 615 0$aLogic design. 615 14$aMathematics of Computing. 615 24$aAlgorithm Analysis and Problem Complexity. 615 24$aCombinatorics. 615 24$aComputation by Abstract Devices. 615 24$aData Structures. 615 24$aLogic Design. 676 $a004.0151 702 $aSchmidt$b Gunther$4edt$4http://id.loc.gov/vocabulary/relators/edt 702 $aBerghammer$b Rudolf$4edt$4http://id.loc.gov/vocabulary/relators/edt 906 $aBOOK 912 $a996465640103316 996 $aGraph-Theoretic Concepts in Computer Science$9772292 997 $aUNISA LEADER 02292nam 2200637 a 450 001 9910971096603321 005 20200520144314.0 010 $a9786610537969 010 $a9781280537967 010 $a1280537965 010 $a9781846421563 010 $a184642156X 010 $a9781417552825 010 $a1417552824 035 $a(CKB)1000000000000347 035 $a(OCoLC)70756116 035 $a(CaPaEBR)ebrary10015183 035 $a(SSID)ssj0000096455 035 $a(PQKBManifestationID)11108813 035 $a(PQKBTitleCode)TC0000096455 035 $a(PQKBWorkID)10081940 035 $a(PQKB)11519946 035 $a(MiAaPQ)EBC3015870 035 $a(Perlego)951281 035 $a(EXLCZ)991000000000000347 100 $a20001017d1999 uy 0 101 0 $aeng 135 $aurcnu|||||||| 181 $ctxt 182 $cc 183 $acr 200 14$aThe accessible games book /$fcollated and adapted by Katie Marl 205 $a[New ed.]. 210 $aLondon ;$aPhiladelphia $cJessica Kingsley Publishers$d1999 215 $a1 online resource (112 p.) 300 $aPrevious ed.: 1996. 300 $aIncludes index. 311 08$a9781853028304 311 08$a1853028304 327 $aIntro -- The Accessible Games Book -- Contents -- Introductory games -- Limited sight -- Limited hearing -- Limited mobility -- Limited upper body strength and mobility. 330 $aThis book contains games for mixed groups including people with auditory or visual impairments, those in wheelchairs, and those with multiple disabilities. The games can also be used as a means of improving disability awareness among the non-disabled, and have been used successfully with groups of people of all abilities and ages. 606 $aChildren with disabilities$xRecreation 606 $aPeople with disabilities$xRecreation 606 $aEducational games 615 0$aChildren with disabilities$xRecreation. 615 0$aPeople with disabilities$xRecreation. 615 0$aEducational games. 676 $a790.196 700 $aMarl$b Katie$f1974-$01808152 801 0$bMiAaPQ 801 1$bMiAaPQ 801 2$bMiAaPQ 906 $aBOOK 912 $a9910971096603321 996 $aThe accessible games book$94358259 997 $aUNINA